[Event "Morava-ch"]
[Site "Orlova"]
[Date "2023.10.28"]
[Round "8"]
[White "Mocek, Tadeas"]
[Black "Busos, Daniel"]
[Result "0-1"]
[WhiteElo "1327"]
[BlackElo "1605"]
[PlyCount "38"]
[EventDate "2023.10.24"]
[EventType "swiss"]
[EventRounds "9"]
[EventCountry "CZE"]
[SourceTitle "Mega2024 Update 01"]
[Source "Chessbase"]
[SourceDate "2023.11.12"]
[SourceVersion "1"]
[SourceVersionDate "2023.11.12"]
[SourceQuality "1"]

1. e4 c6 2. d4 d5 3. Nd2 e6 4. e5 Nd7 5. Ngf3 c5 6. c3 Ne7 7. Bd3 Nc6 8. a3 Qb6 9. dxc5 Bxc5 10. Qe2 0-0 11. b4 Be7 12. Nb3 Qc7 13. Bb2 Ncxe5 14. Nxe5 Qxe5 15. 0-0 Qxe2 16. Bxe2 Bf6 17. Rac1 Nb6 18. Nc5 Be7 19. Nb3 Bd7 0-1

[Event "Morava-ch"]
[Site "Orlova"]
[Date "2023.10.25"]
[Round "2"]
[White "Mocek, Tadeas"]
[Black "Grausgruber, Jiri"]
[Result "1/2-1/2"]
[WhiteElo "1327"]
[BlackElo "1497"]
[PlyCount "78"]
[EventDate "2023.10.24"]
[EventType "swiss"]
[EventRounds "9"]
[EventCountry "CZE"]
[SourceTitle "Mega2024 Update 01"]
[Source "Chessbase"]
[SourceDate "2023.11.12"]
[SourceVersion "1"]
[SourceVersionDate "2023.11.12"]
[SourceQuality "1"]

1. e4 c6 2. d4 d5 3. Nd2 dxe4 4. Nxe4 Bf5 5. Ng3 Bg6 6. h4 h6 7. Nh3 Nf6 8. Nf4 Bh7 9. Bc4 Nbd7 10. Qe2 Nb6 11. c3 Nxc4 12. Qxc4 Nd5 13. Nxd5 Qxd5 14. Qxd5 cxd5 15. Bf4 e6 16. 0-0 Be7 17. h5 0-0 18. Rfe1 b5 19. a4 b4 20. cxb4 Bxb4 21. Rec1 Rac8 22. Ne2 Bf5 23. f3 a5 24. Rxc8 Rxc8 25. Rc1 Rxc1+ 26. Bxc1 Bc2 27. Nc3 Bxc3 28. bxc3 Bxa4 29. Ba3 Bc2 30. Kf2 a4 31. g3 f6 32. Ke3 g6 33. hxg6 Bxg6 34. f4 Kf7 35. Kd2 Be4 36. Ke3 Kg6 37. c4 Kf7 38. c5 Ke8 39. Kd2 Kd7 1/2-1/2